Inverted Flags #2 - Statistics

General Stats
  • This quiz has been taken 35 times
  • The average score is 9 of 16
Answer Stats
Picture Answer % Correct
Tunisia
88%
France
75%
Israel
75%
Colombia
71%
Croatia
67%
Portugal
67%
Hungary
63%
Barbados
58%
Panama
58%
Ireland
54%
Peru
54%
Somalia
54%
Germany
46%
Romania
33%
Yemen
29%
Luxembourg
25%
No matching quizzes found
Score Distribution
Percent of People with Each Score
Percentile by Number Answered
Your Score History
You have not taken this quiz